Cultura popular, cultura acechada (Record no. 65358)

MARC details
000 -CABECERA
campo de control de longitud fija 00523nam a2200193 a 4500
005 - FECHA Y HORA DE LA ÚLTIMA TRANSACCIÓN
campo de control 20210219152959.0
008 - ELEMENTOS DE LONGITUD FIJA--INFORMACIÓN GENERAL
campo de control de longitud fija 991125n 000 0 u
035 ## - NÚMERO DE CONTROL DEL SISTEMA
Número de control de sistema UPN01000070416
100 1# - ASIENTO PRINCIPAL--NOMBRE PERSONAL
Nombre de persona Prieto Castillo, Daniel
222 ## - TÍTULO CLAVE
Título clave REVISTA EDUCACION DE ADULTOS
245 ## - MENCIÓN DE TÍTULO
Título Cultura popular, cultura acechada
300 ## - DESCRIPCIÓN FÍSICA
Extensión 24-29
362 0# - FECHAS DE PUBLICACIÓN Y/O DESIGNACIÓN SECUENCIAL
Fecha de publicación y/o designación secuencial 1984 Vol. 2, no. 1, ene.-mar.
653 0# - TERMINO DE INDIZACION - NO CONTROLADO
Término no controlado AMERICA LATINA
653 0# - TERMINO DE INDIZACION - NO CONTROLADO
Término no controlado CULTURA POPULAR
653 0# - TERMINO DE INDIZACION - NO CONTROLADO
Término no controlado EDUCACION DE ADULTOS
904 ## - ELEMENTOS DE DATOS D LOCAL, LDD (RLIN)
a AC
b 008227
905 ## - TIPO DE MATERIAL
Tipo de material Articulo

No items available.